LEADER 01616nam--2200481---450- 001 990002781510203316 005 20091028090227.0 010 $a88-464-5141-4 035 $a000278151 035 $aUSA01000278151 035 $a(ALEPH)000278151USA01 035 $a000278151 100 $a20060714d2004----km-y0itay0103----ba 101 $aita 102 $aIT 105 $a||||||||001yy 200 1 $a<> governo del processo strategico nelle aziende sanitarie$eattori, strumenti e sistemi regionali a confronto$fPaola Olimpia Achard, Valentina Castello, Silvia Profili$gpresentazione di F. Fontana 210 $aMilano$cF. Angeli$dc2004 215 $a174 p.$d23 cm 225 2 $aSanità$v19 410 0$12001$aSanità$v19 454 1$12001 461 1$1001-------$12001 606 0 $aAziende sanitarie locali$xGestione 676 $a362.1068 700 1$aACHARD,$bPaola Olimpia$0117811 701 1$aCASTELLO,$bValentina$0542669 701 1$aPROFILI,$bSilvia$0594079 801 0$aIT$bsalbc$gISBD 912 $a990002781510203316 951 $aP07 645$bDISTRA 951 $a362.106 ACH 1 a$b18249 EC.$c362.106$d00229531 951 $a362.106 ACH 1$b18250 EC.$c362.106$d00229632 959 $aBK 969 $aDISTRA 969 $aECO 979 $aDISTRA1$b90$c20060714$lUSA01$h1405 979 $aFIORELLA$b90$c20091028$lUSA01$h0853 979 $aFIORELLA$b90$c20091028$lUSA01$h0856 979 $aFIORELLA$b90$c20091028$lUSA01$h0858 979 $aFIORELLA$b90$c20091028$lUSA01$h0902 996 $aGoverno del processo strategico nelle aziende sanitarie$9996754 997 $aUNISA LEADER 01791nam2 22004093i 450 001 VAN0277002 005 20240607090220.944 017 70$2N$a9783030947859 100 $a20240607d2022 |0itac50 ba 101 $aeng 102 $aCH 105 $a|||| ||||| 200 1 $aˆVol. 1: ‰Basic Theory$fBoris S. Mordukhovich, Nguyen Mau Nam 210 $aCham$cSpringer$d2022 215 $axvii, 585 p.$cill.$d24 cm 410 1$1001VAN0049474$12001 $aSpringer series in operations research$1210 $aBerlin [etc.]$cSpringer 461 1$1001VAN0277000$12001 $aConvex analysis and beyond$fBoris S. Mordukhovich, Nguyen Mau Nam$1210 $aCham$cSpringer$1215 $avolumi$cill.$d24 cm$v1 610 $aConvex Sets$9KW:K 610 $aConvex analysis$9KW:K 610 $aConvex functions$9KW:K 610 $aGeneralized Differentiation$9KW:K 610 $aLocally Convex Topological Vector Spaces$9KW:K 610 $aTopological vector spaces$9KW:K 610 $aVariational Methods of Nonlinear Analysis$9KW:K 610 $aVariational analysis$9KW:K 620 $aCH$dCham$3VANL001889 700 1$aMordukhovich$bBoris S.$3VANV096524$0499429 701 1$aNam$bNguyen Mau$3VANV229660$01739710 712 $aSpringer $3VANV108073$4650 801 $aIT$bSOL$c20240614$gRICA 856 4 $uhttps://doi.org/10.1007/978-3-030-94785-9$zE-book ? Accesso al full-text attraverso riconoscimento IP di Ateneo, proxy e/o Shibboleth 899 $aBIBLIOTECA DEL DIPARTIMENTO DI MATEMATICA E FISICA$1IT-CE0120$2VAN08 912 $fN 912 $aVAN0277002 950 $aBIBLIOTECA DEL DIPARTIMENTO DI MATEMATICA E FISICA$d08CONS e-Book 8701 $e08eMF8701 20240610 996 $aBasic Theory$94164007 997 $aUNICAMPANIA